00925cam a22002891 4500001001300000003000400013005001700017008004100034010001700075035002000092040004200112042001200154043001200166050001400178082001000192100003200202245007700234250001400311260004300325300002400368490004800392500003800440500006100478651003000539830004900569999001700618gs 06000397 DLC20260227111303.0870420s1906 dcu f000 0 eng c ags 06000397  a(OCoLC)15554806 aU. S. Geol. Survey. LibrarycCUdDLC apremarc an-us---00aQE75b.B9 a557.31 aGannett, Henry,d1846-1914.12aA dictionary of altitudes in the United States.ccomp. by Henry Gannett. a(4th ed.) aWashington,bGovt. print. off.,c1906. a1072, ii p.c24 cm.1 aU. S. Geological survey. Bulletinvno. 274 aSubject series: F, Geography, 47. aIssued also as House doc. no. 207, 59th Cong., 1st sess. 0aUnited StatesxAltitudes. 0aU. S. Geological survey bulletin ;vno. 274. c24424d24424